Pozycja Personal Name
Liczba rekordów, w których użyto hasła: 1
001 - Numer kontrolny
- control field: 40200
003 - Identyfikator numeru kontrolnego
- control field: NUKAT
005 - Data i czas ostatniej modyfikacji
- control field: 20260416194435.0
008 - Dane kontrolne kodowane (40 znaków)
- fixed length control field: 081023n||a|znnaabn |a aaa |c
010 ## - Numer kontrolny Biblioteki Kongresu
- numer kontrolny LC: n 2006127814
040 ## - Instytucja sporządzająca rekord
- inst. przygot. dane do rek. khw: BYDG 24/MM
- język haseł przedmiotowych/tezaurus: kaba
- inst. wprow. rek. khw: BYDG 24/MMs
- inst. modyf. rek. khw: TOR U/MM
- inst. modyf. rek. khw: KR U/PJ
- inst. modyf. rek. khw: KR 295/AJ
- inst. modyf. rek. khw: TOR U/DA
- inst. modyf. rek. khw: TOR U/TL
100 1# - Hasło - nazwa osobowa
- nazwa osobowa w formie ujednoliconej: Nidecki, Andrzej Patrycy
- daty biograficzne: (1522-1587).
400 0# - Trop zob. - nazwa osobowa
- nazwa osobowa (nazwisko, imiona): And. Patricius.
400 1# - Trop zob. - nazwa osobowa
- nazwa osobowa (nazwisko, imiona): Nidecki, Patrycy Andrzej.
400 1# - Trop zob. - nazwa osobowa
- nazwa osobowa (nazwisko, imiona): Patricius, Andr.
400 1# - Trop zob. - nazwa osobowa
- nazwa osobowa (nazwisko, imiona): Striceco, Andreas Patricius.
400 1# - Trop zob. - nazwa osobowa
- nazwa osobowa (nazwisko, imiona): Patricius, Andreas.
400 1# - Trop zob. - nazwa osobowa
- nazwa osobowa (nazwisko, imiona): Nidecicus, Andreas Patricius.
400 1# - Trop zob. - nazwa osobowa
- nazwa osobowa (nazwisko, imiona): Nideczki, Andreas Patricius.
400 1# - Trop zob. - nazwa osobowa
- nazwa osobowa (nazwisko, imiona): Nideczki, Patricius.
400 1# - Trop zob. - nazwa osobowa
- nazwa osobowa (nazwisko, imiona): Nideczki, A. Patriczi.
400 0# - Trop zob. - nazwa osobowa
- nazwa osobowa (nazwisko, imiona): Andreas Patricius.
400 1# - Trop zob. - nazwa osobowa
- nazwa osobowa (nazwisko, imiona): Nidecius.
400 1# - Trop zob. - nazwa osobowa
- nazwa osobowa (nazwisko, imiona): Nidecicus, Andr. Patricius.
400 1# - Trop zob. - nazwa osobowa
- nazwa osobowa (nazwisko, imiona): Nidecki, Andreas Patricius.
400 1# - Trop zob. - nazwa osobowa
- nazwa osobowa (nazwisko, imiona): Patritius, Andreas.
670 ## - Źródło informacji
- źródło informacji: Kp. Andrzej Patrycy Nidecki : jego życie i dzieła / przedstawił Kazimierz Morawski. - Kraków, 1892.
670 ## - Źródło informacji
- źródło informacji: WEP. - 1966
670 ## - Źródło informacji
- źródło informacji: Kp. Andr. Zebridovii episcopi crac. Pro sua [et] collegarum religione ac iurisdictione, oratio postrema ad regem et senatvm in comitijs Varsouiensibus habita ; adiecta est Epistola eivsdem ad suae dioecesis homines sub initium comitiorum scripta. - [Cracoviae, po 12 I 1557].
- gdzie znaleziono informację: Aut. ded. ; s. f4 r. (Dat. Cal. Nouemb. Anno Domini M.D.Lvi. Bezencino And. Patricius)
670 ## - Źródło informacji
- źródło informacji: pl.wikipedia, 19.07.2018
- adres internetowy: https://pl.wikipedia.org/wiki/Andrzej_Patrycy_Nidecki
670 ## - Źródło informacji
- źródło informacji: PSB. - 1977
- gdzie znaleziono informację: (Nidecki, Patrycy Andrzej)
670 ## - Źródło informacji
- źródło informacji: NKor. - 1965
670 ## - Źródło informacji
- źródło informacji: Andr. Patricii Nidecici Archid. Vilnae De ecclesia vera & falsa Libri V [...]. - Cracoviae, [post 1 IX] 1583.
- gdzie znaleziono informację: Aut.
670 ## - Źródło informacji
- źródło informacji: Iacobi Gorscii Præmvnitio Adversvsinsanvm Dogma Christiani Francken [...] / Cvm Præfatione [...] Andream Patricium Nidecki [...]. - Cracoviæ, 1584.
670 ## - Źródło informacji
- źródło informacji: Benedicti Herbesti Neapolitani Periodicae Responsionis Libri V [...]. - Lipsiae, 1566.
- gdzie znaleziono informację: Adr. ded.
670 ## - Źródło informacji
- źródło informacji: Andr. Zebridovii Episcopi Crac. Pro sua & collegarum religione ac iurisdictione, Oratio Postrema. Ad Regem Et Senatvm In comitijs Varsouiensibus habita ; Adiecta est Epistola Eivsdem ad sua dioecesis homines, Sub initium comitiorum scripta. - [Kraków], [po 12 I 1557].